| 000 | 01348cam a2200301 4500 | ||
|---|---|---|---|
| 001 | ABS63145 | ||
| 008 | 000000n2000 000 0 eng u | ||
| 035 | _a(Sirsi) u109440 | ||
| 100 | _aRoberts, J | ||
| 245 | _aTill death | ||
| 260 | _c2000 | ||
| 490 |
_aEstates Gazette _v(0042) 11 November 2000, 83-85(3) |
||
| 520 | _aExamines the current climate of crisis in the retail market, illustrated by the further demise in fortunes of Marks & Spencer. Warns that cost inflation is likely to worsen the situation over the next five years, pushing more retailers into losses and cutting the profits of solid performers. Discusses the demand amongst retailers for landlord flexibility, in particular, the need for shorter and flexible leases. Finally, the BrandMAX response adopted by Arcadia is discussed as a viable solution for other struggling retailers Graph. Verdict forecast 2000-2005. | ||
| 590 | _aABS | ||
| 650 | _aBRANDMAX | ||
| 650 | _aFLEXIBLE LEASES | ||
| 650 | _aPROPERTY-COMMERCIAL PROPERTY-RETAIL PROPERTY-RETAIL PROPERTY MARKET | ||
| 650 | _aRETAILERS | ||
| 650 | _aFORECASTS | ||
| 650 | _aFUTURE | ||
| 650 | _aARCADIA | ||
| 650 | _aINFLATION | ||
| 650 | _aRENTAL GROWTH | ||
| 650 | _aRETAIL RENTS | ||
| 650 | _aFASHION RETAILERS | ||
| 690 | _aPROPERTY-COMMERCIAL PROPERTY-RETAIL PROPERTY | ||
| 942 | _n0 | ||
| 999 |
_c65327 _d65327 |
||